Chicago Cubs Award Winners - Statistics

General Stats
  • This quiz has been taken 33 times
    3 since last reset
  • The average score is 55 of 112
Answer Stats
Year Player % Correct
2022 | 2023 | 2024 | 2025 Ian Happ
100%
2016 | 2018 | 2020 Javier Baez
100%
2015 | 2016 Kris Bryant
100%
2025 Pete Crow-Armstrong
100%
1995 | 1998 | 1999 | +3 others Sammy Sosa
100%
2016 | 2018 | 2019 | 2020 Anthony Rizzo
67%
2011 Aramis Ramirez
67%
2016 Ben Zobrist
67%
1961 Billy Williams
67%
2023 Dansby Swanson
67%
2005 | 2007 Derrek Lee
67%
1958 | 1959 | 1960 Ernie Banks
67%
1971 Fergie Jenkins
67%
2015 | 2016 Jake Arrieta
67%
2015 Joe Maddon
67%
2016 Jon Lester
67%
2023 | 2025 Nico Hoerner
67%
1964 | 1965 | 1966 | +2 others Ron Santo
67%
1983 | 1984 | 1985 | +7 others Ryne Sandberg
67%
1987 | 1988 Andre Dawson
33%
2006 | 2008 | 2009 Carlos Zambrano
33%
1969 | 1970 Don Kessinger
33%
1935 Gabby Hartnett
33%
2008 Geovany Soto
33%
1952 Hank Sauer
33%
1984 Jim Frey
33%
2025 Kyle Tucker
33%
2008 Lou Piniella
33%
1992 | 1993 | 1995 | 1996 Mark Grace
33%
1975 Bill Madlock
0%
1964 Bobby Shantz
0%
1984 Bob Dernier
0%
1979 Bruce Sutter
0%
2023 Cody Bellinger
0%
2012 Darwin Barney
0%
1989 Don Zimmer
0%
1911 Frank Schulte
0%
1968 Glenn Beckert
0%
1990 | 1991 | 1992 | +2 others Greg Maddux
0%
1930 Hack Wilson
0%
2016 | 2017 Jason Heyward
0%
1989 Jerome Walton
0%
1986 Jody Davis
0%
1962 Ken Hubbs
0%
1998 Kerry Wood
0%
1982 Leon Durham
0%
2005 Michael Barrett
0%
1945 Phil Cavaretta
0%
1967 Randy Hundley
0%
1984 Rick Sutcliffe
0%
1929 Rogers Hornsby
0%
No matching quizzes found
Score Distribution
Percent of People with Each Score
Percentile by Number Answered
Your Score History
You have not taken this quiz since the last reset